Biggest Cities with a Tropical Climate - Statistics

General Stats
  • This quiz has been taken 32,044 times
    12,687 since last reset
  • The average score is 14 of 21
Answer Stats
Population Continent City % Correct
29.2 m Asia Jakarta
93%
21.2 m Asia Bangkok
88%
12.5 m South America Rio de Janeiro
88%
27.1 m Asia Mumbai
84%
27.2 m Asia Manila
83%
9.30 m Asia Kuala Lumpur
81%
7.85 m Asia Singapore
81%
13.9 m Asia Ho Chi Minh City
78%
15.6 m Africa Kinshasa
78%
20.7 m Africa Lagos
76%
17.7 m Asia Kolkata
70%
22.5 m Asia Dhaka
69%
6.30 m North America Miami
65%
12.6 m Asia Chennai
61%
14.2 m Asia Bangalore
58%
6.25 m Africa Dar es Salaam
53%
11.4 m Asia Hyderabad
52%
6.15 m Asia Yangon
44%
6.95 m Asia Bandung
35%
6.80 m Africa Abidjan
30%
7.75 m Asia Surat
21%
No matching quizzes found
Score Distribution
Percent of People with Each Score
Percentile by Number Answered
Your Score History
You have not taken this quiz since the last reset